350 preguntas y respuestas sobre Factura Electrn̤ica

Bibliographic Details
Format: eBook
Language:Spanish
Published: Mx̌ico DF: Ediciones Fiscales ISEF, 2014
Subjects:
Online Access:Acceso restringido

MARC

LEADER 00000nam a22000007a 4500
005 20140427225214.0
007 cr|||| ||||
008 140427s2014 mx |||||s|||| 00||0 spa d
035 |a 12051 
040 |a vlex 
090 |c 4856  |d 4856 
100 1 |4 Castro Valdez, Penľope 
245 1 0 |a 350 preguntas y respuestas sobre Factura Electrn̤ica  |h [Recurso electrn̤ico] /  |c Penľope Castro Valdez 
256 |a Servicio en ln̕ea 
260 |a Mx̌ico DF:  |b Ediciones Fiscales ISEF,  |c 2014 
300 |a 1 recurso electrn̤ico 
506 1 |a Disponible solo en los productos indicados  |d vLex Global  |d vLex Global (Academic Edition, excluding Law Schools)  |d vLex Global (U.S. Academic Edition, Law Schools)  |d vLex Global (U.S. Academic Edition, excluding Law Schools)  |d vLex Global (Academic Edition, Law Schools) 
650 0 4 |a Derecho Fiscal  |z Mx̌ico 
740 0 |a vLex Libros (Servicio en ln̕ea) 
856 4 0 |u http://vlex.com/source/350-preguntas-respuestas-factura-electronica-12051  |z Acceso restringido 
942 |c BOOK 
999 0 |a Tax Law